[Event "ICS rated bullet match"]
[Site "204.178.125.65"]
[Date "2000.03.27"]
[Round "?"]
[White "Hossa"]
[Black "Mofongo"]
[Result "1/2-1/2"]
[WhiteElo "2488"]
[BlackElo "2391"]
[PlyCount "135"]

1. e4 c5 2. Nf3 Nc6 3. d4 cxd4 4. Nxd4 Nf6 5. Nc3 e5 6. Ndb5 d6 7. Bg5 a6 8.
Na3 b5 9. Bxf6 gxf6 10. Nd5 f5 11. Bd3 Be6 12. Qh5 Rg8 13. g3 Rg4 14. f4 exf4
15. Nxf4 Rg5 16. Qxh7 Ne5 17. Nxe6 fxe6 18. exf5 Nxd3+ 19. cxd3 Rxf5 20. O-O-O
Qe7 21. Qxe7+ Bxe7 22. Rde1 Kd7 23. Nc2 Rf2 24. Ref1 Rg2 25. Rfg1 Rf2 26. Kb1
Rc8 27. Ne3 Rf3 28. Re1 Bg5 29. Nc2 Rxd3 30. h4 Bf6 31. g4 Rd2 32. Rc1 Rf2 33.
a3 Be5 34. Rhe1 Bf4 35. Ne3 Rxc1+ 36. Kxc1 Rh2 37. h5 Rg2 38. Kd1 Rg3 39. Nc2
Rxg4 40. Nb4 Rh4 41. Nxa6 Rxh5 42. Rf1 e5 43. Rg1 Rg5 44. Rxg5 Bxg5 45. Nb4 Ke6
46. Nc6 Kd5 47. Nb4+ Kd4 48. Ke2 Kc4 49. Kd1 e4 50. Na2 d5 51. Kc2 d4 52. b3+
Kc5 53. Kb1 d3 54. Nb4 d2 55. Kc2 e3 56. Kd1 Kd4 57. a4 bxa4 58. bxa4 Kc4 59.
Nc6 Kd5 60. Nb4+ Kc5 61. Na2 Bf6 62. a5 Bd4 63. a6 Kc4 64. Kc2 Kb5 65. a7 Bxa7
66. Nc3+ Kc4 67. Ne4 Kd4 68. Ng5 1/2-1/2

[Event "ICS rated blitz match"]
[Site "204.178.125.65"]
[Date "2000.03.27"]
[Round "?"]
[White "Hossa"]
[Black "Mofongo"]
[Result "0-1"]
[WhiteElo "2471"]
[BlackElo "2645"]
[PlyCount "110"]

1. d4 Nf6 2. c4 e6 3. g3 Bb4+ 4. Bd2 Be7 5. Bg2 d5 6. cxd5 exd5 7. Nf3 O-O 8.
Nc3 Re8 9. O-O Nc6 10. Bf4 Bf5 11. Nb5 Rc8 12. Ne5 Nxe5 13. dxe5 Ne4 14. Nxa7
Ra8 15. Nb5 g5 16. Be3 c6 17. Nd4 Bg6 18. e6 f6 19. Bxe4 Bxe4 20. f3 Bg6 21. f4
c5 22. f5 Bh5 23. Nb5 Qb6 24. a4 d4 25. Bf2 Bg4 26. Be1 d3 27. Rf2 Red8 28. Rc1
dxe2 29. Qc2 c4 30. Qxc4 Rd1 31. Qxg4 Rxc1 32. Qxe2 Bc5 33. Kg2 Qc6+ 34. Kh3
Bxf2 35. Bxf2 Rc2 36. Qh5 Rf8 37. Nd4 Qh1 38. Nxc2 Qf1+ 39. Kg4 Qe2+ 40. Kh3
Qxh5+ 41. Kg2 Qg4 42. Ne3 Qxa4 43. h3 Rd8 44. Kf3 Rd2 45. Ng4 Qc6+ 46. Ke3 Qc2
47. Kf3 Qxf5+ 48. Kg2 Kf8 49. Kg1 Rd1+ 50. Kh2 h5 51. b4 hxg4 52. Bc5+ Kg8 53.
Bg1 Rd2+ 54. Bf2 Qxf2+ 55. Kh1 Qh2# 0-1

[Event "ICS rated blitz match"]
[Site "204.178.125.65"]
[Date "2000.03.27"]
[Round "?"]
[White "Mofongo"]
[Black "Hossa"]
[Result "1-0"]
[WhiteElo "2654"]
[BlackElo "2462"]
[PlyCount "113"]

1. e4 e5 2. Nf3 Nc6 3. Bb5 a6 4. Ba4 Nf6 5. O-O Be7 6. Re1 b5 7. Bb3 O-O 8. c3
d5 9. exd5 Nxd5 10. Nxe5 Nxe5 11. Rxe5 c6 12. d4 Bd6 13. Re1 Qh4 14. g3 Qh3 15.
Be3 Bg4 16. Qd3 Rae8 17. Nd2 Re6 18. a4 f5 19. Qf1 Qh5 20. Bxd5 cxd5 21. axb5
f4 22. Bxf4 Rxe1 23. Qxe1 Bxf4 24. gxf4 Bh3 25. f3 Re8 26. Qg3 axb5 27. Ra7 Qh6
28. Kf2 Bf5 29. Nf1 b4 30. Ne3 Be6 31. Kg2 bxc3 32. bxc3 Bf7 33. Nf5 Qf6 34.
Qg5 Kf8 35. Qxf6 gxf6 36. Nd6 Re2+ 37. Kf1 Re7 38. Ra8+ Be8 39. f5 Re3 40. Kf2
Rxc3 41. Rxe8+ Kg7 42. Re7+ Kh8 43. Ne8 Rc2+ 44. Kg3 Rc6 45. Re6 Rc4 46. Nxf6
Kg7 47. Ne8+ Kf8 48. Nd6 Rc6 49. f6 Rxd6 50. Rxd6 Kf7 51. Kf4 Kg6 52. Ke5 h5
53. h4 Kf7 54. Kf5 Kf8 55. Kg6 Ke8 56. Rxd5 Kf8 57. Rd8# 1-0

[Event "ICS rated blitz match"]
[Site "204.178.125.65"]
[Date "2000.03.27"]
[Round "?"]
[White "Hossa"]
[Black "Tinker"]
[Result "0-1"]
[WhiteElo "2454"]
[BlackElo "2415"]
[PlyCount "86"]

1. e4 e5 2. Nf3 Nc6 3. Bb5 Nge7 4. Nc3 h6 5. O-O a6 6. Bxc6 Nxc6 7. d4 exd4 8.
Nxd4 Ne5 9. f4 Ng6 10. e5 Bc5 11. Ne4 Bb6 12. c4 Qe7 13. Kh1 Bxd4 14. Qxd4 O-O
15. g3 b5 16. cxb5 axb5 17. Kg1 Bb7 18. Nc3 b4 19. Nd5 Qe6 20. Nxb4 Qh3 21. Nd5
d6 22. exd6 Rae8 23. Qd1 Bxd5 24. Rf2 cxd6 25. f5 Ne7 26. f6 gxf6 27. b3 Be4
28. Qe2 Nf5 29. Bb2 Nxg3 30. Qe3 Kh7 31. Bxf6 Rg8 32. Bg5 Rxg5 33. Rxf7+ Kh8
34. Rf3 Nf1+ 35. Qxg5 Qxh2+ 36. Kxf1 Qh1+ 37. Ke2 Qxf3+ 38. Kd2 Qd3+ 39. Ke1
Bb7+ 40. Kf2 Re2+ 41. Kg1 Qd4+ 42. Qe3 Qxa1+ 43. Qc1 Qxc1# 0-1

[Event "ICS rated bullet match"]
[Site "204.178.125.65"]
[Date "2000.03.27"]
[Round "?"]
[White "Mofongo"]
[Black "Hossa"]
[Result "1/2-1/2"]
[WhiteElo "2395"]
[BlackElo "2484"]
[PlyCount "92"]

1. e4 e5 2. Nf3 Nc6 3. Bb5 a6 4. Ba4 Nf6 5. O-O Be7 6. Re1 b5 7. Bb3 O-O 8. c3
d5 9. exd5 Nxd5 10. Nxe5 Nxe5 11. Rxe5 c6 12. d4 Bd6 13. Re1 Qh4 14. g3 Qh3 15.
Be3 Bg4 16. Qd3 Rae8 17. Nd2 Re6 18. a4 f5 19. Qf1 Qh5 20. Bxd5 cxd5 21. axb5
f4 22. Bxf4 Rxe1 23. Qxe1 Bxf4 24. gxf4 axb5 25. Qe5 Qf7 26. f3 Bh3 27. Kf2 Kh8
28. Ra6 Re8 29. Ra7 Bd7 30. Qd6 Qe7 31. Qxd7 Qe1+ 32. Kg2 Qxd2+ 33. Kh3 Rg8 34.
Qxd5 Qxf4 35. Ra8 Qh6+ 36. Kg3 Qg6+ 37. Kf4 Qh6+ 38. Ke4 Qg6+ 39. Ke3 Qg1+ 40.
Kd2 Qg2+ 41. Kc1 Qf1+ 42. Kc2 Qe2+ 43. Kb1 Qf1+ 44. Kc2 Qe2+ 45. Kc1 Qf1+ 46.
Kc2 Qe2+ 1/2-1/2

[Event "ICS rated blitz match"]
[Site "204.178.125.65"]
[Date "2000.03.27"]
[Round "?"]
[White "Tinker"]
[Black "Hossa"]
[Result "0-1"]
[WhiteElo "2433"]
[BlackElo "2436"]
[PlyCount "102"]

1. e4 e5 2. Nf3 Nc6 3. Nc3 Nf6 4. Bb5 Bb4 5. Qe2 O-O 6. Bxc6 bxc6 7. a3 Bxc3 8.
dxc3 Rb8 9. Bg5 Rxb2 10. Nxe5 Re8 11. Ng4 d5 12. Nxf6+ gxf6 13. Bc1 Rxe4 14.
Qxe4 dxe4 15. Bxb2 Qd5 16. Rd1 Qa2 17. Ba1 Ba6 18. Rd8+ Kg7 19. Kd2 Qxa3 20.
Rd4 Qc5 21. h4 Qf5 22. Ke3 Qg4 23. Re1 f5 24. c4 Kh6 25. Rd2 Qxg2 26. Rdd1 Qf3+
27. Kd2 Qf4+ 28. Kc3 Qxf2 29. Rg1 f4 30. Kb3 Qb6+ 31. Ka4 Bxc4 32. Bg7+ Kh5 33.
Rg5+ Kxh4 34. Bf6 Qa6+ 35. Ra5+ Kg4 36. Rxa6 Bxa6 37. Rg1+ Kf5 38. Bd4 h5 39.
Bxa7 Be2 40. Kb4 e3 41. Re1 Bf3 42. Bxe3 fxe3 43. Rxe3 Be4 44. c4 h4 45. Kc5
Kf4 46. Rh3 Kg4 47. Re3 f5 48. Re2 h3 49. Kd4 Kg3 50. Ke5 h2 51. Re3+ Bf3 0-1

[Event "ICS rated blitz match"]
[Site "204.178.125.65"]
[Date "2000.03.27"]
[Round "?"]
[White "Hossa"]
[Black "Tinker"]
[Result "1-0"]
[WhiteElo "2452"]
[BlackElo "2417"]
[PlyCount "95"]

1. d4 Nf6 2. c4 e6 3. g3 d5 4. Bg2 dxc4 5. Nf3 Nc6 6. Qa4 Ne4 7. Nfd2 Nxd2 8.
Bxc6+ bxc6 9. Nxd2 Qd5 10. e4 Qb5 11. Qc2 Ba6 12. O-O O-O-O 13. Nf3 c3 14. Re1
cxb2 15. Bxb2 Bd6 16. Rac1 Bb7 17. a4 Qh5 18. Qb3 Qa5 19. Rb1 Qa6 20. Ng5 Rd7
21. Rec1 h6 22. Nf3 f6 23. e5 fxe5 24. dxe5 Be7 25. Qxe6 Qxa4 26. Nd4 c5 27.
Ra1 Qb4 28. Bc3 Qb6 29. Ba5 Qxe6 30. Nxe6 Re8 31. Nxg7 Rg8 32. Ne6 Re8 33. f4
Bf3 34. Nxc5 Rd1+ 35. Kf2 Bxc5+ 36. Kxf3 Rd5 37. Bc3 Red8 38. f5 Rd3+ 39. Kg2
Re8 40. Ra2 h5 41. e6 Be3 42. Rcc2 Rd5 43. Re2 Rd3 44. f6 Rxe6 45. f7 Rd8 46.
Bg7 Bh6 47. Rxe6 Bxg7 48. Re8 1-0

[Event "ICS Rated blitz match"]
[Site "204.178.125.65"]
[Date "2000.03.27"]
[Round "?"]
[White "Hossa"]
[Black "TheProcess"]
[Result "1-0"]
[WhiteElo "2466"]
[BlackElo "2340"]
[PlyCount "49"]

1. e4 c5 2. Nf3 Nc6 3. Bb5 e6 4. Nc3 Nge7 5. O-O e5 6. d3 h6 7. Nd5 d6 8. Be3
Be6 9. c4 a6 10. Ba4 Bd7 11. Re1 Nxd5 12. exd5 Ne7 13. Bxd7+ Qxd7 14. Bd2 g6
15. Qc2 Bg7 16. Qc1 f5 17. Rb1 f4 18. b4 b6 19. bxc5 bxc5 20. Qb2 O-O 21. Ba5
g5 22. Qb7 Qe8 23. h3 Ng6 24. Bc7 Qe7 25. Rb6 1-0

[Event "ICS rated bullet match"]
[Site "204.178.125.65"]
[Date "2000.03.27"]
[Round "?"]
[White "Hossa"]
[Black "star"]
[Result "0-1"]
[WhiteElo "2480"]
[BlackElo "2531"]
[PlyCount "136"]

1. e4 c5 2. Nf3 e6 3. d4 cxd4 4. Nxd4 Nf6 5. Nc3 d6 6. Bc4 a6 7. Bb3 b5 8. O-O
Be7 9. f4 O-O 10. e5 dxe5 11. fxe5 Nfd7 12. Be3 Nxe5 13. Qh5 Nbc6 14. Nxc6 Nxc6
15. Rf3 b4 16. Rh3 h6 17. Bxh6 gxh6 18. Rd1 Qb6+ 19. Kh1 Bg5 20. Ne4 Rd8 21.
Rxd8+ Nxd8 22. Nxg5 Qb5 23. Qd1 Bb7 24. Nf3 Kh7 25. Qc1 h5 26. Qd1 Kg6 27. Qe1
Bxf3 28. Rxf3 Rc8 29. Qe4+ Kg7 30. Qd4+ Kh7 31. Qf6 Qe2 32. a3 bxa3 33. bxa3
Rb8 34. Rf2 Qe3 35. Rf1 Qe4 36. Qg5 Qe2 37. Kg1 Qb5 38. Qf6 Qc5+ 39. Kh1 Qxa3
40. Qg5 Qb4 41. Qxh5+ Kg8 42. Qe5 a5 43. Qf6 Kh7 44. Rd1 a4 45. Ba2 Qe4 46. Rf1
Kg8 47. Qg5+ Qg6 48. Qh4 Ra8 49. Rf6 Qxc2 50. Bc4 Qh7 51. Qg3+ Qg7 52. Qf4 Rc8
53. Bb5 a3 54. Bd3 a2 55. Qf1 Rc1 56. Qxc1 Qxf6 57. Bb5 a1=Q 58. Qg1 Qfd4 59.
Qf1 Qxf1+ 60. Bxf1 Qf2 61. h4 Qxf1+ 62. Kh2 e5 63. Kg3 Ne6 64. Kh3 Nf4+ 65. Kg4
Qxg2+ 66. Kf5 Ng6 67. Kf6 Qg4 68. h5 Qf4# 0-1

[Event "ICS rated bullet match"]
[Site "204.178.125.65"]
[Date "2000.03.27"]
[Round "?"]
[White "LobowolfXXX"]
[Black "Hossa"]
[Result "0-1"]
[WhiteElo "1881"]
[BlackElo "2466"]
[PlyCount "64"]

1. c4 e5 2. Nc3 Nf6 3. e3 Bb4 4. a3 Bxc3 5. bxc3 e4 6. Qc2 Nc6 7. f3 Qe7 8. Bb2
d6 9. O-O-O Bf5 10. d3 exd3 11. Bxd3 Qxe3+ 12. Kb1 Bxd3 13. Rxd3 Qc5 14. Nh3
O-O 15. Nf4 Ne5 16. Rdd1 Nxc4 17. h4 Nxa3+ 18. Bxa3 Qxa3 19. h5 Rfe8 20. h6 g5
21. Nh5 Nxh5 22. Rxh5 Re5 23. Qd3 Qb3+ 24. Kc1 Rc5 25. Kd2 Rd5 26. Rxg5+ Rxg5
27. Ke2 Rxg2+ 28. Kf1 Qa2 29. Qe3 Rg6 30. Rd2 Qb1+ 31. Ke2 Rg2+ 32. Qf2 Re8#
0-1

[Event "ICS rated blitz match"]
[Site "204.178.125.65"]
[Date "2000.03.27"]
[Round "?"]
[White "TheProcess"]
[Black "Hossa"]
[Result "1-0"]
[WhiteElo "2319"]
[BlackElo "2476"]
[PlyCount "151"]

1. c4 e5 2. Nc3 Bb4 3. e4 Nc6 4. Nge2 Nf6 5. g3 d6 6. h3 O-O 7. Bg2 Bd7 8. O-O
Qc8 9. Kh2 Nd4 10. d3 Bxc3 11. Nxc3 Re8 12. Be3 c5 13. f4 Bc6 14. f5 Qd7 15. g4
Qe7 16. Ne2 Ba4 17. b3 Bc6 18. Ng3 Red8 19. g5 Ne8 20. Rc1 f6 21. g6 h6 22. Rb1
Nc7 23. a3 b5 24. b4 bxc4 25. dxc4 Rab8 26. Qd2 Ba4 27. b5 Nc2 28. Bxh6 Nxa3
29. Ra1 Nxc4 30. Qc1 Bxb5 31. Rxa7 Ra8 32. Rxa8 Rxa8 33. Nh5 gxh6 34. Qxh6 Nb6
35. g7 Bc4 36. Nxf6+ Qxf6 37. Qxf6 Bxf1 38. Bxf1 Re8 39. Qxd6 Nca8 40. f6 Kf7
41. Bb5 Rg8 42. Qe7+ Kg6 43. Be2 Nd7 44. Qxd7 Kxf6 45. Bg4 c4 46. Qe6+ Kxg7 47.
Bf5 Kf8 48. Qxc4 Kg7 49. Qe6 Kf8 50. Qd7 Rg7 51. Qd8+ Kf7 52. Qxa8 Ke7 53. Qb7+
Kf8 54. Qc8+ Ke7 55. Qd7+ Kf8 56. Qd8+ Kf7 57. Qd5+ Kf6 58. Qe6+ Kg5 59. Qxe5
Ra7 60. Qg3+ Kf6 61. Qg6+ Ke5 62. Kg3 Re7 63. Kg4 Rc7 64. h4 Rc1 65. Kh5 Rc2
66. Qe6+ Kf4 67. Bg6 Rg2 68. Qf5+ Ke3 69. e5 Rxg6 70. Qxg6 Kd4 71. e6 Kc5 72.
e7 Kd5 73. e8=Q Kc5 74. Qd3 Kb6 75. Qed7 Kc5 76. Q3d4# 1-0

[Event "ICS rated blitz match"]
[Site "204.178.125.65"]
[Date "2000.03.27"]
[Round "?"]
[White "Tinker"]
[Black "Hossa"]
[Result "1-0"]
[WhiteElo "2403"]
[BlackElo "2453"]
[PlyCount "109"]

1. e4 e5 2. Nf3 Nc6 3. Nc3 Nf6 4. Bb5 Nd4 5. Bc4 Bc5 6. Nxe5 Qe7 7. Nxf7 Rf8 8.
Ng5 h6 9. Nh3 d5 10. Be2 Bxh3 11. gxh3 dxe4 12. O-O O-O-O 13. Kh1 Kb8 14. Rb1
Bd6 15. Rg1 Qd7 16. Qf1 Nxc2 17. d3 Qe7 18. dxe4 Nxe4 19. f3 Nf6 20. Bd1 Nd4
21. Qg2 Rf7 22. a4 Bc5 23. Rf1 Rdf8 24. a5 Qe6 25. b4 Bd6 26. Ne2 Qf5 27. Rb2
Nxe2 28. Bxe2 Be5 29. Rb3 Qc2 30. Rd3 Bd6 31. Bd2 Re7 32. Rc1 Qb2 33. Rc4 Qa2
34. Rcd4 Rfe8 35. Bf1 Qb1 36. Qg1 Nd7 37. a6 Ne5 38. Rc3 Bxb4 39. Rc1 Qa2 40.
Rxb4 Qxd2 41. Rxb7+ Kc8 42. Qc5 Kd7 43. f4 Rc8 44. fxe5 Kd8 45. Rc3 Qf4 46.
Rd3+ Ke8 47. Qc6+ Kf8 48. Rf3 Rf7 49. Rxf4 Rxf4 50. Qd7 Re8 51. Qxc7 Rxf1+ 52.
Kg2 Rg1+ 53. Kxg1 Re7 54. Qxe7+ Kg8 55. Qxg7# 1-0

[Event "ICS rated standard match"]
[Site "204.178.125.65"]
[Date "2000.03.27"]
[Round "?"]
[White "Hossa"]
[Black "JudgeTurpin"]
[Result "0-1"]
[WhiteElo "2287"]
[BlackElo "2361"]
[PlyCount "178"]

1. Nf3 d5 2. c4 e6 3. g3 dxc4 4. Nc3 c6 5. Ne5 Nf6 6. Bg2 Qd4 7. Nf3 Qd6 8. O-O
Be7 9. b3 cxb3 10. axb3 Qd8 11. d4 a5 12. e4 b6 13. Ne5 Ba6 14. Re1 Bb4 15. Re3
Ra7 16. Rf3 c5 17. d5 O-O 18. Bg5 Qc8 19. Bxf6 gxf6 20. Ng4 Bxc3 21. Rxc3 Nd7
22. Nh6+ Kh8 23. Qd2 Ne5 24. f4 Ng6 25. f5 Ne5 26. fxe6 fxe6 27. Bh3 f5 28.
exf5 exd5 29. Qxd5 Nf7 30. Nxf7+ Raxf7 31. Qe5+ Rf6 32. g4 h6 33. Bf1 Bxf1 34.
Rxf1 Qb7 35. Rg3 Qg7 36. Re1 R8f7 37. Qd5 Kh7 38. Re8 Re7 39. Rd8 Rff7 40. Kh1
Rd7 41. Rxd7 Rxd7 42. Qc6 Qf7 43. Re3 Rd2 44. Rf3 Qg7 45. Rg3 Qf7 46. Kg1 Qg7
47. f6 Qg6 48. Qc7+ Kh8 49. Qc8+ Qg8 50. Qf5 Qe8 51. Rf3 Rd1+ 52. Kg2 Rd2+ 53.
Kh3 Qf7 54. Qf4 Rb2 55. Qxh6+ Kg8 56. Qg5+ Kf8 57. Qh4 Kg8 58. Qh5 Qxh5+ 59.
gxh5 Kf7 60. h6 Rd2 61. Rf5 Rd8 62. Kg4 Rh8 63. Kh5 Ke6 64. Rg5 Kxf6 65. Rg6+
Kf7 66. Rxb6 Rc8 67. Rb7+ Kg8 68. Rb5 a4 69. bxa4 c4 70. Rb2 c3 71. Rc2 Kh7 72.
Kg5 Rc5+ 73. Kf6 Kxh6 74. Rc1 Kh5 75. Kg7 Kg4 76. Rc2 Kf3 77. a5 Ke3 78. a6 Kd3
79. Rf2 c2 80. a7 c1=Q 81. Rf3+ Kc4 82. a8=Q Qg5+ 83. Kf8 Qh6+ 84. Ke8 Re5+ 85.
Kd7 Qg7+ 86. Kd8 Qe7+ 87. Kc8 Qe8+ 88. Kc7 Re7+ 89. Kd6 Qd7# 0-1

[Event "ICS Rated bullet match"]
[Site "204.178.125.65"]
[Date "2000.03.27"]
[Round "?"]
[White "Eli"]
[Black "Hossa"]
[Result "0-1"]
[WhiteElo "2204"]
[BlackElo "2467"]
[PlyCount "24"]

1. d4 Nf6 2. c4 e6 3. Nf3 b6 4. Nc3 Bb7 5. Qc2 c5 6. Bg5 Bxf3 7. gxf3 cxd4 8.
Nb5 h6 9. Bh4 Bb4+ 10. Kd1 Nc6 11. a3 Be7 12. Rg1 a6 0-1

[Event "ICS rated blitz match"]
[Site "204.178.125.65"]
[Date "2000.03.27"]
[Round "?"]
[White "Hossa"]
[Black "RedBear"]
[Result "0-1"]
[WhiteElo "2435"]
[BlackElo "2559"]
[PlyCount "84"]

1. e4 e5 2. Nc3 Nf6 3. Nf3 Nc6 4. d4 exd4 5. Nxd4 Bb4 6. Nxc6 bxc6 7. Bd3 d5 8.
exd5 cxd5 9. Qe2+ Qe7 10. Qxe7+ Kxe7 11. Bd2 c6 12. a3 Bd6 13. O-O Be6 14. Rfe1
Rhe8 15. Bg5 h6 16. Be3 Ng4 17. Bd4 Bxh2+ 18. Kf1 Bd6 19. Ba6 Kd7 20. f3 Nf6
21. g4 h5 22. Bxf6 gxf6 23. gxh5 Rab8 24. Kf2 Bc5+ 25. Kg2 Rg8+ 26. Kh1 Rg5 27.
Re2 Bd6 28. Rd1 Rh8 29. Rh2 Bxh2 30. Ne4 Rg7 31. Nxf6+ Ke7 32. Ng4 Be5 33. Kg2
Rxh5 34. Kf2 Bxg4 35. fxg4 Rxg4 36. Bd3 Rh2+ 37. Kf1 Bd4 38. Re1+ Kf6 39. Re6+
fxe6 40. Ke1 Rg1+ 41. Bf1 Rf2 42. c3 Rgxf1# 0-1

[Event "ICS rated blitz match"]
[Site "204.178.125.65"]
[Date "2000.03.27"]
[Round "?"]
[White "HaraldLdahl"]
[Black "Hossa"]
[Result "0-1"]
[WhiteElo "2154"]
[BlackElo "2424"]
[PlyCount "118"]

1. c4 c5 2. Nc3 Nc6 3. g3 g6 4. Bg2 Bg7 5. e4 e6 6. Nge2 Nge7 7. d3 O-O 8. O-O
d6 9. Be3 f5 10. d4 cxd4 11. Nxd4 Bxd4 12. Bxd4 fxe4 13. Nxe4 Nxd4 14. Qxd4 Nf5
15. Qd2 d5 16. cxd5 exd5 17. Nc3 d4 18. Ne2 Be6 19. Rfd1 Qf6 20. Nf4 Rad8 21.
Nxe6 Qxe6 22. Bh3 Qf7 23. Bxf5 Qxf5 24. f4 Qd5 25. Qd3 Rf7 26. a3 Re7 27. Re1
Rde8 28. Rxe7 Rxe7 29. Rc1 Re3 30. Qc4 Qxc4 31. Rxc4 d3 32. Rd4 Re1+ 33. Kf2
Re2+ 34. Kf3 Rxh2 35. Rxd3 Rxb2 36. Rd7 Rb3+ 37. Kg4 Rxa3 38. Rxb7 h6 39. Kh4
a5 40. Ra7 Ra4 41. Kg4 Ra1 42. Kh4 Ra3 43. Kg4 a4 44. f5 h5+ 45. Kf4 gxf5 46.
Kxf5 Kf8 47. g4 h4 48. g5 h3 49. Rh7 Rf3+ 50. Ke4 Rb3 51. g6 a3 52. Kf5 a2 53.
Rh8+ Kg7 54. Ra8 Rf3+ 55. Kg4 h2 56. Kg5 h1=Q 57. Ra7+ Kg8 58. Ra8+ Rf8 59.
Rxf8+ Kxf8 0-1

[Event "ICS rated blitz match"]
[Site "204.178.125.65"]
[Date "2000.03.27"]
[Round "?"]
[White "Hossa"]
[Black "HaraldLdahl"]
[Result "1-0"]
[WhiteElo "2430"]
[BlackElo "2148"]
[PlyCount "83"]

1. e4 Nf6 2. e5 Nd5 3. d4 d6 4. c4 Nb6 5. exd6 cxd6 6. Nc3 g6 7. h3 Bg7 8. Nf3
O-O 9. Be2 Nc6 10. O-O Bf5 11. a3 d5 12. c5 Nc8 13. Bf4 e6 14. Nb5 Be4 15. Nc7
Bxf3 16. Bxf3 e5 17. Bxe5 Nxe5 18. Nxa8 Nxf3+ 19. Qxf3 Ne7 20. Qf4 Qxa8 21.
Rad1 Nf5 22. g4 Ne7 23. Rfe1 Nc6 24. Qe3 h6 25. b4 a6 26. f4 Qd8 27. Re2 Qf6
28. Red2 Kh7 29. Qf3 Rd8 30. f5 g5 31. Qg3 Rd7 32. Qd3 Re7 33. Qb3 Re4 34. Qxd5
Rxd4 35. Rxd4 Nxd4 36. Qxb7 Ne2+ 37. Kf1 Nf4 38. Qe4 Qb2 39. f6+ Kg8 40. Rd8+
Bf8 41. Rxf8+ Kxf8 42. Qa8# 1-0

[Event "ICS rated bullet match"]
[Site "204.178.125.65"]
[Date "2000.03.27"]
[Round "?"]
[White "Hossa"]
[Black "beoneknight"]
[Result "0-1"]
[WhiteElo "2473"]
[BlackElo "1997"]
[PlyCount "74"]

1. d4 d5 2. c4 e6 3. Nc3 c6 4. e3 dxc4 5. Bxc4 Nf6 6. Nf3 Bd6 7. e4 Bc7 8. e5
Nd5 9. O-O O-O 10. Bxd5 cxd5 11. Bg5 f6 12. exf6 gxf6 13. Bh6 Rf7 14. Nd2 Kh8
15. Qh5 Qg8 16. Rfc1 Nc6 17. Nb5 Bb8 18. Rc3 Qg6 19. Qh3 Bd7 20. Nb3 e5 21. Qh4
exd4 22. N5xd4 Nxd4 23. Nxd4 Be5 24. Rd1 Re8 25. f3 Bxd4+ 26. Rxd4 Qb1+ 27. Rc1
Qxb2 28. Rb4 Qxa2 29. Rxb7 Rg8 30. g4 Qa4 31. Qh5 Re7 32. Qxd5 Be6 33. Qb5 Qd4+
34. Kg2 Bxg4 35. Qb2 Bxf3+ 36. Kxf3 Qg4+ 37. Kf2 Qg2# 0-1

[Event "ICS rated bullet match"]
[Site "204.178.125.65"]
[Date "2000.03.27"]
[Round "?"]
[White "beoneknight"]
[Black "Hossa"]
[Result "0-1"]
[WhiteElo "2023"]
[BlackElo "2446"]
[PlyCount "43"]

1. d4 d5 2. c4 e6 3. Nc3 Nf6 4. Nf3 Bb4 5. e3 Nbd7 6. Bd2 O-O 7. Bd3 dxc4 8.
Bxc4 c5 9. O-O cxd4 10. Nxd4 Ne5 11. Be2 Bd7 12. a3 Bd6 13. Ncb5 Bc5 14. b4
Bxb5 15. Nxb5 Ne4 16. bxc5 Qxd2 17. Qxd2 Nxd2 18. Rfd1 Nb3 19. Rab1 Nxc5 20.
Nd6 b6 21. Ne4 Nxe4 22. f4 0-1

[Event "ICS rated blitz match"]
[Site "204.178.125.65"]
[Date "2000.03.27"]
[Round "?"]
[White "Hossa"]
[Black "HaraldLdahl"]
[Result "1-0"]
[WhiteElo "2435"]
[BlackElo "2142"]
[PlyCount "71"]

1. e4 Nf6 2. e5 Nd5 3. d4 d6 4. c4 Nb6 5. exd6 cxd6 6. h3 g6 7. Nf3 Bg7 8. Nc3
O-O 9. Be2 Nc6 10. Be3 Bf5 11. O-O d5 12. c5 Nc4 13. Qb3 Nxe3 14. fxe3 e5 15.
dxe5 d4 16. exd4 Nxd4 17. Qxb7 Rb8 18. Qxa7 Rxb2 19. Rad1 Nxf3+ 20. Bxf3 Qh4
21. Nd5 Bxe5 22. Ne7+ Kg7 23. Nxf5+ gxf5 24. Rb1 Rxb1 25. Rxb1 Qg3 26. Qd7 Qf4
27. Rd1 Kh8 28. Qd2 Qh2+ 29. Kf1 Rg8 30. Qd7 Qh1+ 31. Kf2 Qh2 32. Qxf7 Qg3+ 33.
Kf1 Bc7 34. a3 Rd8 35. Qf6+ Kg8 36. Rxd8+ 1-0

[Event "ICS rated blitz match"]
[Site "204.178.125.65"]
[Date "2000.03.27"]
[Round "?"]
[White "HaraldLdahl"]
[Black "Hossa"]
[Result "1/2-1/2"]
[WhiteElo "2137"]
[BlackElo "2440"]
[PlyCount "81"]

1. d4 d5 2. Nf3 Nf6 3. e3 e6 4. Bd3 c5 5. c3 Nc6 6. O-O Be7 7. Nbd2 O-O 8. Qe2
Bd6 9. dxc5 Bxc5 10. e4 dxe4 11. Nxe4 Nxe4 12. Bxe4 Re8 13. Be3 Bxe3 14. Qxe3
Re7 15. Rfd1 Rd7 16. Rxd7 Qxd7 17. Nd4 Nxd4 18. cxd4 Qb5 19. Qb3 Qxb3 20. axb3
g6 21. Rc1 a5 22. f4 Rb8 23. Rc7 b6 24. d5 exd5 25. Bxd5 Be6 26. Bxe6 fxe6 27.
Kf2 Rd8 28. Ke3 Rd5 29. Ke4 Rd2 30. Ke5 Rxg2 31. Kf6 h5 32. Rc8+ Kh7 33. Rc7+
Kh6 34. Rc8 Kh7 35. Rc7+ Kh6 36. Rc8 Kh7 37. Rc7+ Kh8 38. Rc8+ Kh7 39. Rc7+ Kh8
40. Rc8+ Kh7 41. Rc7+ 1/2-1/2

[Event "ICS rated blitz match"]
[Site "204.178.125.65"]
[Date "2000.03.27"]
[Round "?"]
[White "Hossa"]
[Black "HaraldLdahl"]
[Result "1-0"]
[WhiteElo "2429"]
[BlackElo "2148"]
[PlyCount "117"]

1. d4 f5 2. c4 Nf6 3. g3 g6 4. Bg2 Bg7 5. Nf3 O-O 6. O-O d6 7. Nc3 Nc6 8. d5
Ne5 9. Nxe5 dxe5 10. Bg5 Ng4 11. c5 h6 12. Bc1 e4 13. f3 exf3 14. exf3 Nf6 15.
Re1 Kh7 16. Bf4 a6 17. Qd2 e6 18. d6 cxd6 19. cxd6 Bd7 20. Be3 b5 21. f4 Rc8
22. Rad1 Rc4 23. b3 Rc8 24. Bd4 Bc6 25. Bxc6 Rxc6 26. Be5 Qd7 27. Re2 Rd8 28.
Re3 Rdc8 29. Rde1 Ne8 30. a4 b4 31. Nd1 a5 32. Nf2 Rc2 33. Qd1 Ra2 34. Bxg7
Nxg7 35. R3e2 Rxe2 36. Rxe2 Rc6 37. Rd2 Ne8 38. Re2 Rxd6 39. Qe1 Nf6 40. Ra2
Nd5 41. Qe5 Qa7 42. Qxd6 h5 43. Qxe6 Ne3 44. Re2 Ng4 45. Qe7+ Qxe7 46. Rxe7+
Kg8 47. Nxg4 hxg4 48. Ra7 Kf8 49. Rxa5 Ke7 50. Rb5 Kd6 51. a5 Kc6 52. Rb6+ Kc7
53. Rxb4 Kd7 54. a6 Kc6 55. a7 Kc5 56. Rc4+ Kb5 57. a8=Q Kb6 58. Qb8+ Ka6 59.
Ra4# 1-0

[Event "ICS rated standard match"]
[Site "204.178.125.65"]
[Date "2000.03.27"]
[Round "?"]
[White "Tinker"]
[Black "Hossa"]
[Result "0-1"]
[WhiteElo "2334"]
[BlackElo "2274"]
[PlyCount "116"]

1. e4 c5 2. Nc3 Nc6 3. d3 e6 4. Nf3 d5 5. Bg5 f6 6. Bd2 d4 7. Ne2 Bd6 8. c3 e5
9. Ng3 Nge7 10. Be2 O-O 11. Qb3+ Rf7 12. O-O Ng6 13. Nf5 Bxf5 14. exf5 Nge7 15.
cxd4 Nxf5 16. dxc5 Ncd4 17. Nxd4 Nxd4 18. Qd1 Bxc5 19. Bh5 Rc7 20. Ba5 Bb6 21.
Bxb6 axb6 22. a3 Rc2 23. Rb1 g6 24. Bg4 f5 25. Bf3 Rb8 26. Re1 Qd6 27. a4 g5
28. Bh5 g4 29. Re3 Qh6 30. Bxg4 fxg4 31. Qxg4+ Qg6 32. Qxg6+ hxg6 33. Rxe5 Rf8
34. Rd5 Ne2+ 35. Kh1 Rxf2 36. b4 Rb2 37. Re1 Rxb4 38. Rd6 Kg7 39. Rd7+ Kh6 40.
Rxb7 Nf4 41. Rg1 Nxd3 42. g4 Kg5 43. Rh7 Rxg4 44. h4+ Kf5 45. Rf7+ Ke6 46. Rxg4
Kxf7 47. Rd4 Nc5 48. Rb4 Ra2 49. Kg1 Rxa4 50. Rxb6 Rxh4 51. Rc6 Ne4 52. Kg2 Rf4
53. Rc7+ Kf6 54. Rc6+ Kf5 55. Rc7 g5 56. Re7 Rf2+ 57. Kg1 Kf4 58. Rxe4+ Kxe4
0-1

[Event "ICS rated standard match"]
[Site "204.178.125.65"]
[Date "2000.03.28"]
[Round "?"]
[White "Hossa"]
[Black "Tinker"]
[Result "1-0"]
[WhiteElo "2293"]
[BlackElo "2315"]
[PlyCount "213"]

1. d4 Nf6 2. c4 e6 3. Nc3 d5 4. Bg5 h6 5. Bxf6 gxf6 6. Nf3 Nc6 7. cxd5 exd5 8.
e3 Rg8 9. Qe2 Be6 10. O-O-O Qd7 11. Rg1 O-O-O 12. Qd2 Bf5 13. Bd3 Bg6 14. a3
Bxd3 15. Qxd3 a6 16. Kb1 Ne7 17. Rc1 Bg7 18. Qc2 Nc6 19. Ne1 Bf8 20. Nd3 Be7
21. Nf4 Rg5 22. h4 Rg4 23. g3 Rh8 24. Ncxd5 Bd8 25. f3 Rg7 26. Nh5 Rg6 27. Nc3
Ne7 28. Nf4 Rgg8 29. Na4 Qc6 30. Qd1 Qb5 31. Rc5 Qe8 32. Qc2 Kb8 33. Rc3 Qd7
34. Nc5 Qc8 35. Qb3 b6 36. Ne4 Rf8 37. Rgc1 Rhg8 38. Nh5 f5 39. Nef6 Rg6 40.
Qxb6+ cxb6 41. Rxc8+ Nxc8 42. Nd7+ Kb7 43. Nxf8 Rg8 44. Nd7 Nd6 45. Rc3 Nb5 46.
Rd3 Nd6 47. Kc1 Kc6 48. Ne5+ Kb7 49. Rc3 Bc7 50. Rc2 b5 51. b3 a5 52. Nd3 Ne8
53. Rc5 Nd6 54. Kc2 Kb8 55. Ne5 Bb6 56. Rc6 Bc7 57. Nd7+ Kb7 58. d5 Rc8 59.
Nc5+ Ka8 60. Ra6+ Kb8 61. Nf6 Rd8 62. Nfd7+ Rxd7 63. Nxd7+ Kc8 64. Nc5 Kd8 65.
Rc6 a4 66. bxa4 Nc4 67. axb5 Nxa3+ 68. Kd3 Nxb5 69. Rxh6 Bxg3 70. Rb6 Nd6 71.
h5 Nc8 72. Rb7 Ne7 73. f4 Bh4 74. d6 Nc6 75. Rb6 Ke8 76. Rxc6 Kf8 77. Rc8+ Kg7
78. d7 Kh6 79. Kc4 Be7 80. Re8 Bh4 81. Kd5 Bf6 82. Kd6 Kxh5 83. Re7 Bxe7+ 84.
Kxe7 Kg4 85. d8=Q Kg3 86. Qd2 Kh3 87. Ne4 fxe4 88. Qh2+ Kxh2 89. f5 Kg1 90. f6
Kf2 91. Kxf7 Kxe3 92. Kg6 Kd2 93. f7 e3 94. f8=Q e2 95. Qf4+ Kd1 96. Qd4+ Kc2
97. Qe3 Kd1 98. Qd3+ Ke1 99. Kf5 Kf2 100. Qd4+ Kf1 101. Qf4+ Kg2 102. Qe3 Kf1
103. Qf3+ Ke1 104. Ke4 Kd1 105. Qd3+ Kc1 106. Qxe2 Kb1 107. Kd4 1-0